|
|
|
|
| LEADER |
00917nam a2200313 a 4500 |
| 001 |
000000600 |
| 003 |
SVKKK |
| 005 |
20070223141716.0 |
| 008 |
030616c1839 xo e lato |
| FMT |
|
|
|
| 038 |
|
|
|a SVKKK
|
| 040 |
|
|
|a SVKKK
|b slo
|e AACR2
|
| 041 |
0 |
|
|a lat
|
| 044 |
|
|
|a xo
|
| 080 |
|
|
|a 543.
|2 1981
|
| 080 |
|
|
|a 553.7(091
|2 1981
|
| 080 |
|
|
|a 553.7.031.1(Bardejovské Kúpele)
|2 1981
|
| 100 |
1 |
|
|a Keller, S.E.
|4 aut
|
| 242 |
1 |
0 |
|a Chemicko-farmakologická dizertácia o minerálnych vodách mesta Bardejov
|
| 245 |
1 |
0 |
|a Dissertatio chem.-pharm. de aqua minerali civitatis Bartfeld /
|c Keller S.E.
|
| 260 |
|
|
|a Viedeň :
|b [s.n.],
|c 1839
|
| 300 |
|
|
|a Nestr.
|
| 650 |
0 |
4 |
|a vody minerálne liečivé
|x analýzy chemické
|z Bardejovské Kúpele (Slovensko)
|x dejiny
|x monografie
|
| 957 |
|
|
|a Bardejovské Kúpele
|
| 974 |
|
|
|d 960409
|a 246
|
| 992 |
|
|
|a DPG
|
| BAS |
|
|
|
| 852 |
|
|
|a SVKKK
|b BIB
|
| 998 |
|
|
|a GEO
|